000 01258nam a2200241Ia 4500
003 Ost
005 20260507075146.0
008 260507s9999||||xx |||||||||||||| ||und||
020 _a94562499579
040 _cfsecg
041 _aara
082 _a330
100 _aجمعة، أحمد حلمي
_eمؤلف
245 0 _aالمدخل السلوكي في المحاسبة المالية /
_c أحمد حلمي جمعة
260 _aعمان:
_bدار صفاء,
_c2009
300 _a312 صفحة؛
_bإيضاحات ؛
_c25 سم
504 _aالمراجع ص.269؛ الملاحق ص.285
520 _aالمدخل السلوكي في المحاسبة المالية- الحكم الشخصي للمحاسب عند إعداد القوائم المالية- عرض وتقويم لأهم الدراسات المحاسبية السلوكية السابقة عند إعداد القوائم المالية- إستخدام المدخل السلوكي كأداة لتحسين الحكم الشخصي للمحاسب عند إعداد القوائم المالية- الدراسة التطبيقية الميدانية
653 _aالإدارة المالية
653 _aالمحاسبة
653 _aالمحاسبة- مالية
942 _cكتاب
999 _c43318
_d43318